Statistics for Most Common Italian Nouns

Click here to take the quiz!

General Stats

  • This quiz has been taken 50 times
    (43 since last reset)
  • The average score is 62 of 100

Answer Stats

ItalianEnglish% Correct
trethree
100%
unoone
96%
casahome
88%
animaleanimal
84%
nomename
84%
maresea
84%
tempotime
84%
librobook
80%
padrefather
80%
cavallohorse
80%
terraland
80%
vitalife
80%
linealine
80%
madremother
80%
musicamusic
80%
acquawater
80%
annoyear
80%
cittàcity
76%
giornoday
76%
portadoor
76%
pescefish
76%
quattrofour
76%
amicofriend
76%
manohand
76%
montagnamountain
76%
numeronumber
76%
personaperson
76%
ragazzoboy
72%
bambinochild
72%
formaform
72%
nottenight
72%
problemaproblem
72%
secondosecond
72%
turnoturn
72%
parolaword
72%
causacause
68%
classeclass
68%
colorecolour
68%
canedog
68%
fineend
68%
famigliafamily
68%
ragazzagirl
68%
letteraletter
68%
uomoman
68%
scuolaschool
68%
scienzascience
68%
frasesentence
68%
duetwo
68%
mondoworld
68%
ariaair
64%
corpobody
64%
gruppogroup
64%
storiahistory
64%
lucelight
64%
forzastrength
64%
lavorowork
64%
rispostaanswer
60%
occhioeye
60%
paginapage
60%
partepart
60%
puntopoint
60%
canzonesong
60%
statostate
60%
solesun
60%
fuocofire
56%
sinistraleft
56%
iniziostart
56%
cosathing
56%
volontàwill
56%
uccellobird
52%
chiamatacall
52%
piedefoot
52%
testahead
52%
bisognoneed
52%
immaginepicture
52%
paesecountry
48%
portoport
48%
domandaquestion
48%
cameraroom
48%
orologiowatch
48%
tagliocut
44%
esempioexample
44%
piantaplant
44%
alberotree
44%
ventowind
44%
postoplace
40%
prodottoproduct
40%
fiumeriver
40%
naveship
40%
spettacoloshow
40%
migliomile
36%
cartapaper
36%
suonosound
36%
legnowood
36%
pezzopiece
32%
voltoface
28%
attoact
24%
fattoriofarm
24%
elencolist
24%
latoside
24%

Score Distribution

Percentile by Number Answered

Percent of People with Each Score

Your Score History

You have not taken this quiz since the last reset